| 000 | 01212 a2200361 4500 | ||
|---|---|---|---|
| 264 |
_aAnkara : _bTOBB ETÜ Fen Bilimleri Enstitüsü, _c2013. |
||
| 650 | 0 | 0 |
_932546 _aTezler, Akademik |
| 999 |
_c200130604 _d23364 |
||
| 001 | 200130604 | ||
| 003 | TR-AnTOB | ||
| 005 | 20260210134041.0 | ||
| 008 | 130921s2013 tu 000 0 | ||
| 040 |
_aTR-AnTOB _cTR-AnTOB |
||
| 041 | 0 | _atur | |
| 099 | _aTEZ TOBB FBE BİL YL'13 AYK | ||
| 100 | 1 |
_aAykenar, Mehmet Burak _993366 |
|
| 245 | 1 | 0 |
_aMobil platformlarda FIR Filtre tasarımı için FPGA ve GPU uygulamalarının enerji ve başarım analizi / _cMehmet Burak Aykenar. |
| 300 |
_axi, 35 sayfa ; _c29 cm. |
||
| 502 | _aTez (Y. Lisans)--TOBB ETÜ Fen Bilimleri Enst.Ağustos 2013 | ||
| 504 | _aIncludes bibliographical references. | ||
| 650 | 0 | 0 |
_aDissertations, Academic _932543 |
| 653 | _aLow-power systems. | ||
| 653 | _aMobile platforms. | ||
| 653 | _aFIR Filter. | ||
| 653 | _aDüşük-güçlü sistemler. | ||
| 653 | _aMobil platformlar. | ||
| 653 | _aFIR Filtre | ||
| 653 | _aGPGPU | ||
| 653 | _aFPGA. | ||
| 710 | 2 |
_aTOBB Ekonomi ve Teknoloji Üniversitesi. _bFen Bilimleri Enstitüsü _977078 |
|
| 856 | _ahttps://tez.yok.gov.tr/ | ||
| 942 |
_cTEZ _2z |
||